Countries that were in the 1990 FIFA World Cup - Statistics

General Stats
  • This quiz has been taken 654 times
  • The average score is 23 of 24
Answer Stats
Picture Answer % Correct
Italy
100%
Argentina
99%
Brazil
99%
Spain
99%
USA
99%
Belgium
98%
England
98%
Ireland
98%
South Korea
98%
Sweden
98%
Netherlands
97%
Uruguay
96%
Scotland
95%
Soviet Union
95%
West Germany
95%
Austria
94%
Egypt
94%
Romania
94%
Cameroon
92%
Colombia
92%
Czechoslovakia
90%
Costa Rica
86%
Yugoslavia
83%
UAE
76%
No matching quizzes found
Score Distribution
Percent of People with Each Score
Percentile by Number Answered
Your Score History
You have not taken this quiz